French Geography Words to English - Statistics

General Stats
  • This quiz has been taken 429 times
  • The average score is 15 of 24
Answer Stats
French English % Correct
Ville City/Town
96%
Mer Sea
93%
Sud South
92%
Rue Street
91%
Pays Country
90%
Île Island
90%
Plage Beach
87%
Lac Lake
85%
Ouest West
81%
Pont Bridge
76%
Etat State
72%
Valée Valley
71%
Carte Map
66%
Terre Land
57%
Baie Bay
54%
Cascade Waterfall
53%
Frontière Border
52%
Nuage Cloud
52%
Drapeau Flag
49%
Roche Rock
47%
Colline Hill
35%
Barrage Dam
19%
Courant Stream
10%
Devise Currency
9%
No matching quizzes found
Score Distribution
Percent of People with Each Score
Percentile by Number Answered
Your Score History
You have not taken this quiz